00530nam a2200181Ia 450000500170000000800410001702000150005808200150007324500510008826000280013930000170016765000110018465000130019570000220020894200060023095200970023699900150033320240815055315.0240331s9999 xx 000 0 und d a0415042607 bFEMa408.2 4aThe feminist critique of language :ba reader aLondonbRoutledgec1990 axi, 258 p ., aWomen  aFeminist aCameron, D. eedt cL 001040708LaWERCLbWERCLcSSCd2024-03-31l0o 408.2 FEMp3810r2024-03-31w2024-03-31yL c3035d3035